MARC

LEADER 00000nab a2200000 a 4500
001 vtls000920952
003 SK-MaSNL
005 20260426105405.0
008 180907e19930000xo 0 slo
035 |a KE29829 
040 |a KEVKJB  |b slo  |c KEVKJB  |e AACR2 
041 0 |a slo 
044 |a xo  |c SK 
080 |a 502.4  |2 1981 
100 1 |a Guziová, Zuzana,  |d 1963-  |4 aut  |9 262178 
245 1 0 |a Biosphere reserves of Slovakia 
650 0 7 |a chránené územia  |2 KEVKJB  |9 3785 
650 0 7 |a biosféra  |2 KEVKJB  |9 17111 
650 0 7 |a popisy  |2 KEVKJB  |9 535593 
650 0 7 |a informácie  |2 KEVKJB  |9 1285 
650 0 7 |a biosférické rezervácie  |2 SNKPH  |9 29379 
651 7 |a Biosférická rezervácia Slovenský kras (Slovensko)  |2 SNKPHgeo  |9 176875 
651 7 |a Biosférická rezervácia Poľana (Slovensko)  |2 SNKPHgeo  |9 98770 
651 7 |a Biosférická rezervácia Východné Karpaty (Poľsko, Slovensko a Ukrajina)  |2 SNKPHgeo  |9 176872 
651 7 |a Biosférická rezervácia Tatry (Poľsko a Slovensko)  |2 SNKPHgeo  |9 13757 
773 0 8 |t Biológia  |g Roč. 48 
852 |a ZVYKNI  |b KIS3GCP 
999 |c 3350480  |d 3352410